Statistics for MLB Baseball 50 Home Runs in a Season

Click here to take the quiz!

General Stats

  • This quiz has been taken 39,065 times
    (8,942 since last reset)
  • The average score is 14 of 30

Answer Stats

YearsPlayer% Correct
1920, 1921, 1927, 1928Babe Ruth
96%
2001Barry Bonds
88%
1996, 1997, 1998, 1999Mark McGwire
82%
1998, 1999, 2000, 2001Sammy Sosa
81%
2017Aaron Judge
71%
1956, 1961Mickey Mantle
68%
2001, 2002, 2007Alex Rodriguez
66%
2017Giancarlo Stanton
66%
2019Pete Alonso
59%
1961Roger Maris
59%
1997, 1998Ken Griffey, Jr.
57%
1955, 1965Willie Mays
52%
2006David Ortiz
46%
2013Chris Davis
39%
2007Prince Fielder
39%
1990Cecil Fielder
39%
1932, 1938Jimmie Foxx
37%
2002Jim Thome
36%
1995Albert Belle
36%
2006Ryan Howard
35%
2001Luis Gonzalez
34%
2005Andruw Jones
32%
1996Brady Anderson
31%
2010Jose Bautista
31%
1938Hank Greenberg
27%
1977George Foster
23%
1930Hack Wilson
22%
1947, 1949Ralph Kiner
19%
1998Greg Vaughn
18%
1947Johnny Mize
16%

Score Distribution

Percentile by Number Answered

Percent of People with Each Score

Your Score History

You have not taken this quiz since the last reset